01591nam a2200373 a 4500001001000000003000500010005001700015008004100032010001100073011001100084040000900095090001000104100004500114245019300159260004100352500006000393502007700453590003700530590004000567590004000607650004700647650003200694650003300726650002600759700003800785856001600823856007000839901000700909942001000916942000600926999001900932952013100951952013501082000113465CHAP20220329144355.0170628s2016 mx a fsm |||||||spa d a109926 a110898 cCHAP aTesis1 aCamacho Santos, María Victoria913277410aContribución al conocimiento y aprovechamiento de Dahlia pugana, especie endémica del estado de Jalisco /h[En línea]cpor María Victoria Camacho Santos y Carolina Muñoz Guillen. aChapingo, Méx. :bEl autor,c2016. aPara ver el contenido del material haga clic en la liga aTesis (Ing. Agr. Esp. en Fitotecnia) -- UACH. Departamento de Fitotecnia aBATCHb00c20181121lUCH01h0759 aE6096MTMb05c20170628lUCH01h1452 aE6096MTMb05c20170628lUCH01h145314aDaliaxFisiología y morfología.93094614aDaliaxFloración.913047114aDaliaxPropagación.93095014aEnraizamiento.9370131 aMuñoz Guillen, Carolina9132775 a1 n0001179 aFinding aiduhttp://10.13.5.2/tesis/sist113465.pdfzTeclea aquí aBK cTESIS n0 c109926d109926 00104054718TESISaBCbBCd2017-06-28fTESISl0oTesisp113467-10r2019-12-31 00:00:00w2019-12-31yTESISzRecien adquirido 00102local4053708TESISaBCbBCcPA_TESISd2017-06-28fTESISl0oTesisp113467-20r2019-12-31 00:00:00tc.2w2019-12-31yTESIS